000 00382cam a2200169 4500
001 D12365
008 090401t1938 xxu||||| |||| 00| 0 eng d
035 _a(Sirsi) u2922
041 _aeng
100 _aCave, J. Otway
245 4 _aThe students` handbook
260 _aLondon
_bEstates Gazette
_c1938
350 _a0
520 _aShelf 177
942 _n0
948 _c04/03/1997
999 _c85835
_d85835